| 000 | 01012nam a2200277Ia 4500 | ||
|---|---|---|---|
| 003 | OSt | ||
| 005 | 20221005105703.0 | ||
| 006 | a|||||r|||| 00| 0 | ||
| 007 | ta | ||
| 008 | 221004b |||||||| |||| 00| 0 urd d | ||
| 020 |
_a8181431987 (hbk) _c150 |
||
| 024 | _a109779 | ||
| 037 |
_b371, 17/02/2011, Vani Prakashan _cTextual |
||
| 040 |
_aCRL _cCRL _burd |
||
| 041 |
_2urd _aurd |
||
| 082 | _aO168,1M82x, 152P4 | ||
| 100 | _aब्रजनारायण, चकबस्त | ||
| 245 | 0 | _aसुबह ए वतन | |
| 246 | _aSubah e vatana | ||
| 260 |
_aनई दिल्ली _bवाणी प्रकाशन भारत _c2004 |
||
| 300 |
_a148पृ0 _ccm. |
||
| 650 | _aउर्दू साहित्य | ||
| 700 | _a स्वाधीन, संपा. | ||
| 942 |
_hO168,1M82x, 152P4 _cTEXL _2cc |
||
| 999 |
_c1016577 _d1016577 |
||